00688nam a2200193 i 450000100060000000300090000600500170001500700030003200800410003510000260007624500760010226000550017830000220023349000310025583000390028685200310032599900170035695201210037336306ES-MaACL20230906155337.0t|030217s1949 fr ||||1| fre d1 aBrion, Marcel.93176710aDe César a Charlemagne b: des origines a l'an 1000 / cMarcel Brion. aParis : bArthème Fayard, c[1949] (fF. Bronty) a313 p. ; c19 cm.1 aConnaissance de l'histoire0 aConnaissance de l'histoire9181384 aES-MaACLjD-1398 bR.30729 c36306d36306 00104070aATENEOMbATENEOMcSVId2008-01-17eSCl0oD-1398p901038115r2023-02-23 00:00:00w2023-02-23yMONOGRAFIA